| 000 | 01074cam a22002414a 4500 | ||
|---|---|---|---|
| 999 |
_c57883 _d57883 |
||
| 001 | 12427010 | ||
| 005 | 20221107163101.0 | ||
| 008 | 990324s2000 enka b 001 0 eng | ||
| 020 | _a9781857750980 X | ||
| 041 | _aeng | ||
| 080 | _a616.89-008.434 C-73 | ||
| 245 | 0 | 0 |
_aCommunication difficulties in childhood : _ba practical guide / _cedited by James Law, Alison Parkinson, with Rashmin Tamhne ; foreword by David Hall. |
| 264 |
_aAbingdon, Oxon : _bRadcliffe Medical Press, _c2000. |
||
| 300 |
_a338 p. : _bill. ; _c25 cm. |
||
| 650 | 0 |
_aCommunicative disorders in children. _910708 |
|
| 653 | _aკომუნიკაციის სირთულეები ბავშვობაში | ||
| 653 | _aმედიცინა | ||
| 700 | 1 |
_aParkinson, Alison. _eრედაქტორი _910709 |
|
| 700 | 1 |
_aTamhne, Rashmin. _eრედაქტორი _910710 |
|
| 700 | 1 |
_aLaw, James Christopher, _d1956- _eრედაქტორი _910711 |
|
| 942 |
_2udc _cBK |
||
| 955 |
_anb05 to ASCD 5/30/2001; _ijc09 2001-07-10 _ajc00 2001-07-13 _aaa19 2001-07-17 |
||